[Event "Mittelrhein Verbandsliga-W 16/17"]
[Site "Nordrheinwestfalen"]
[Date "2017.03.19"]
[Round "9.1"]
[White "Sassenscheidt, Frank"]
[Black "Harcke, Andreas"]
[Result "1/2-1/2"]
[WhiteElo "1948"]
[BlackElo "2091"]
[PlyCount "28"]
[EventDate "2016.09.11"]
[EventType "team-tourn"]
[EventRounds "11"]
[EventCountry "GER"]
[SourceTitle "EXT 2022"]
[Source "ChessBase"]
[SourceDate "2021.10.06"]
[SourceVersion "1"]
[SourceVersionDate "2021.10.06"]
[SourceQuality "1"]
[WhiteTeam "Eilendorf Arminia"]
[BlackTeam "Erftstadt SV"]
[WhiteTeamCountry "GER"]
[BlackTeamCountry "GER"]

1. c4 c5 2. Nc3 Nc6 3. g3 g6 4. Bg2 Bg7 5. a3 Nf6 6. Rb1 0-0 7. b4 cxb4 8. axb4 d6 9. Nf3 d5 10. b5 Nb8 11. cxd5 Nxd5 12. Nxd5 Qxd5 13. 0-0 a6 14. b6 Nc6 1/2-1/2

[Event "Mittelrhein Verbandsliga-W 15/16"]
[Site "Nordrheinwestfalen"]
[Date "2016.05.01"]
[Round "11.2"]
[White "Sassenscheidt, Frank"]
[Black "Buechel, Juergen"]
[Result "1-0"]
[WhiteElo "1948"]
[BlackElo "1865"]
[PlyCount "25"]
[EventDate "2015.09.06"]
[EventType "team-tourn"]
[EventRounds "11"]
[EventCountry "GER"]
[SourceTitle "EXT 2022"]
[Source "ChessBase"]
[SourceDate "2021.10.06"]
[SourceVersion "1"]
[SourceVersionDate "2021.10.06"]
[SourceQuality "1"]
[WhiteTeam "Eilendorf Arminia"]
[BlackTeam "Dueren Derichsweiler"]
[WhiteTeamCountry "GER"]
[BlackTeamCountry "GER"]

1. c4 Nf6 2. Nc3 g6 3. g3 Bg7 4. Bg2 c5 5. Nf3 0-0 6. 0-0 d6 7. d4 a6 8. dxc5 dxc5 9. Be3 Qa5 10. Qa4 Nc6 11. Nd2 Nd7 12. Bxc6 Bxc3 13. bxc3 1-0

[Event "Mittelrhein Verbandsliga-W 15/16"]
[Site "Nordrheinwestfalen"]
[Date "2016.03.13"]
[Round "9.2"]
[White "Sassenscheidt, Frank"]
[Black "Laschewski, Andreas"]
[Result "1/2-1/2"]
[WhiteElo "1948"]
[BlackElo "1977"]
[PlyCount "30"]
[EventDate "2015.09.06"]
[EventType "team-tourn"]
[EventRounds "11"]
[EventCountry "GER"]
[SourceTitle "EXT 2022"]
[Source "ChessBase"]
[SourceDate "2021.10.06"]
[SourceVersion "1"]
[SourceVersionDate "2021.10.06"]
[SourceQuality "1"]
[WhiteTeam "Eilendorf Arminia"]
[BlackTeam "Pulheim"]
[WhiteTeamCountry "GER"]
[BlackTeamCountry "GER"]

1. c4 g6 2. g3 Bg7 3. Bg2 d6 4. Nc3 Nf6 5. Nf3 0-0 6. 0-0 c5 7. d4 Nc6 8. d5 Ne5 9. Nxe5 dxe5 10. e4 Ne8 11. Be3 b6 12. f4 Nd6 13. Qd3 f5 14. exf5 Bxf5 15. Qe2 Qd7 1/2-1/2

[Event "Mittelrhein Verbandsliga-W 15/16"]
[Site "Nordrheinwestfalen"]
[Date "2016.02.21"]
[Round "8.2"]
[White "Hannaske, Arno"]
[Black "Sassenscheidt, Frank"]
[Result "1/2-1/2"]
[WhiteElo "2008"]
[BlackElo "1948"]
[PlyCount "36"]
[EventDate "2015.09.06"]
[EventType "team-tourn"]
[EventRounds "11"]
[EventCountry "GER"]
[SourceTitle "EXT 2022"]
[Source "ChessBase"]
[SourceDate "2021.10.06"]
[SourceVersion "1"]
[SourceVersionDate "2021.10.06"]
[SourceQuality "1"]
[WhiteTeam "Horrem"]
[BlackTeam "Eilendorf Arminia"]
[WhiteTeamCountry "GER"]
[BlackTeamCountry "GER"]

1. Nf3 Nf6 2. b3 g6 3. Bb2 Bg7 4. g3 0-0 5. Bg2 d6 6. d4 c6 7. 0-0 Nbd7 8. c4 Qc7 9. Nc3 e5 10. e4 a6 11. Rc1 Bh6 12. Rc2 Re8 13. dxe5 dxe5 14. Ne1 Nc5 15. b4 Ne6 16. Ne2 Rd8 17. Qa1 Nd7 18. Nd3 f6 1/2-1/2

[Event "Mittelrhein Verbandsliga-W 15/16"]
[Site "Nordrheinwestfalen"]
[Date "2015.09.27"]
[Round "2.2"]
[White "Sassenscheidt, Frank"]
[Black "Schreyer, Oliver"]
[Result "0-1"]
[WhiteElo "1948"]
[BlackElo "2082"]
[PlyCount "170"]
[EventDate "2015.09.06"]
[EventType "team-tourn"]
[EventRounds "11"]
[EventCountry "GER"]
[SourceTitle "EXT 2022"]
[Source "ChessBase"]
[SourceDate "2021.10.06"]
[SourceVersion "1"]
[SourceVersionDate "2021.10.06"]
[SourceQuality "1"]
[WhiteTeam "Eilendorf Arminia"]
[BlackTeam "Herzogenrath"]
[WhiteTeamCountry "GER"]
[BlackTeamCountry "GER"]

1. c4 e5 2. Nc3 Nf6 3. Nf3 Nc6 4. g3 d5 5. cxd5 Nxd5 6. Bg2 Nb6 7. 0-0 Be7 8. a3 Be6 9. b4 f6 10. d3 0-0 11. Nd2 Qd7 12. Bb2 Bh3 13. Qb3+ Kh8 14. Nce4 Bxg2 15. Kxg2 Nd4 16. Bxd4 exd4 17. Rac1 c6 18. Nc5 Bxc5 19. bxc5 Nd5 20. Nf3 Nc7 21. Rc4 Ne6 22. Rb1 Rfb8 23. Qa4 Qd5 24. Rbc1 Rd8 25. Kg1 g5 26. Qb4 g4 27. Nh4 Ng5 28. Ng2 Nh3+ 29. Kf1 Rd7 30. Qd2 Re8 31. Qh6 f5 32. Qf6+ Kg8 33. R1c2 Re6 34. Qh4 Kg7 35. e4 dxe3 36. Rxg4+ fxg4 37. Qxg4+ Rg6 38. Qxh3 Qxd3+ 39. Re2 exf2 40. Nf4 Qd1+ 41. Kxf2 Rf7 42. Qh5 Qd4+ 43. Kf3 Qd5+ 44. Qxd5 cxd5 45. Re5 Ra6 46. Rxd5 Rxa3+ 47. Kg4 Ra4 48. Kg5 h6+ 49. Kh5 Rfxf4 50. gxf4 Rxf4 51. Rd7+ Rf7 52. Rd6 Rf5+ 53. Kg4 Rxc5 54. Rd7+ Kg6 55. Rd6+ Kg7 56. Rd7+ Kf6 57. Rxb7 h5+ 58. Kh4 a5 59. Ra7 Ke6 60. Ra6+ Kd7 61. Kg3 Kc7 62. Kf3 Kb7 63. Rg6 a4 64. Rg2 a3 65. Ke3 Ra5 66. Ra2 Kc6 67. Kd3 Kd5 68. Rg2 Ke6 69. Ra2 Kf5 70. Ke3 Kg4 71. Kf2 Kf4 72. Ke2 Ke4 73. Kd2 Kd4 74. Kc2 Kc4 75. Ra1 a2 76. Kb2 Kd3 77. h4 Ke3 78. Re1+ Kf2 79. Ra1 Kg3 80. Rg1+ Kxh4 81. Ka1 Kh3 82. Rc1 h4 83. Rc3+ Kg4 84. Rc4+ Kg5 85. Rc3 Ra4 0-1

[Event "Mittelrhein Verbandsliga-W 1112"]
[Site "Germany"]
[Date "2012.03.18"]
[Round "8.2"]
[White "Sassenscheidt, Frank"]
[Black "Kleinen, Sandro"]
[Result "0-1"]
[WhiteElo "1935"]
[BlackElo "1973"]
[PlyCount "56"]
[EventDate "2011.09.18"]
[EventType "team-tourn"]
[EventRounds "11"]
[EventCountry "GER"]
[SourceTitle "EXT 2013"]
[Source "ChessBase"]
[SourceDate "2012.11.22"]
[SourceVersion "1"]
[SourceVersionDate "2012.11.22"]
[SourceQuality "1"]
[WhiteTeam "Arminia Eilendorf"]
[BlackTeam "Uebach Palenberg"]
[WhiteTeamCountry "GER"]
[BlackTeamCountry "GER"]

1. c4 e5 2. Nc3 Nc6 3. Nf3 f5 4. d4 e4 5. Ng5 Bb4 6. a3 Bxc3+ 7. bxc3 Nf6 8. h4 d6 9. e3 0-0 10. Be2 Na5 11. Rb1 c5 12. Qc2 Qe8 13. 0-0 b6 14. f3 h6 15. Nh3 Ba6 16. Nf4 Rc8 17. d5 Bxc4 18. Rd1 Rf7 19. Bxc4 Nxc4 20. Qb3 Ne5 21. fxe4 c4 22. Qb4 Nxe4 23. a4 g5 24. hxg5 hxg5 25. Ne6 Rh7 26. Nxg5 Qh5 27. Nxh7 Qxd1+ 28. Kh2 Ng4+ 0-1